000 00962nam a22002297a 4500
010 _aB-167901
020 _a8175344881
_c1150.00
035 _aB-167901
037 _bCen Lib / Ret
040 _aDPL
_bEN
082 _a343.540772
_bSAR
100 _aSarin, Harbans Lal
245 _aEncyclopaedia of petroleum laws :
_bcovering acts, rules, orders, notifications, allied laws, policies, regulations, international laws, glossary, model specimen documents, important addresses & digest of relevant cases /
_cby Harbans Lal Sarin [and] Manmohan Lal Sarin
250 _a10th ed
260 _aNew Delhi
_bUniversal Law Publishing Co
_c2005
270 _aC-FF-1A, Hans Cinema, Azapur GT Karnal Road
_bNew Delhi
_e110033
300 _axxii, 1745p :
_bill ;
_c24cm(Hb)
650 _aPetroleum law and legislation -- India.
650 _aPetroleum law and legislation.
700 _aSarin, Manmohan Lal
942 _2ddc
_cEN
_h343.540772
_mSAR
999 _c136863
_d136863